Normal view
MARC view
- الاتحاد الدولي للمحاسبين
Entry Personal Name
001 - CONTROL NUMBER
- control field: 28451
003 - CONTROL NUMBER IDENTIFIER
- control field: JO-AjAnu
005 - DATE AND TIME OF LATEST TRANSACTION
- control field: 20230606074824.0
008 - FIXED-LENGTH DATA ELEMENTS
- fixed length control field: 230606|| aca||aabn | a|a d
040 ## - CATALOGING SOURCE
- Original cataloging agency: JO-AjAnu
- Transcribing agency: JO-AjAnu
100 ## - HEADING--PERSONAL NAME
- Personal name: الاتحاد الدولي للمحاسبين
670 ## - SOURCE DATA FOUND
- Source citation: Work cat.: (JO-AjAnu)14605: الاتحاد الدولي للمحاسبين , author, إصدارات المعايير الدولية لممارسة أعمال التدقيق والتأكيد وقواعد أخلاقيات المهنة